[Event "Jm KP I 24-25 Kurim B - Lipovec"]
[Site "Kurim"]
[Date "2024.12.08"]
[Round "23.3"]
[White "Kudla, Vladimir"]
[Black "Krejci, Petr"]
[Result "1-0"]
[WhiteElo "1934"]
[BlackElo "1942"]
[PlyCount "61"]

1. e4 c5 2. c3 e6 3. d4 Nf6 4. e5 Nd5 5. Nf3 Be7 6. Be2 Nc6 7. O-O O-O 8. c4
Ndb4 9. d5 Nd4 10. Nxd4 cxd4 11. a3 d3 12. Bxd3 Nxd3 13. Qxd3 d6 14. f4 a5 15.
Be3 exd5 16. cxd5 g6 17. Nc3 Re8 18. Rac1 Ra6 19. Nb5 Bf5 20. Qd2 Bf8 21. Nc7
dxe5 22. Nxe8 exf4 23. Bxf4 Qxe8 24. d6 Bd7 25. Rfe1 Qd8 26. Rc7 b5 27. Rec1
Qe8 28. Qd5 Be6 29. d7 Qd8 30. Rc8 Qb6+ 31. Qc5 1-0

[Event "Jm KP I 24-25 Kurim B - Lipovec"]
[Site "Kurim"]
[Date "2024.12.08"]
[Round "23.4"]
[White "Sekanina, Jiri"]
[Black "Shelest, Oleksii"]
[Result "1/2-1/2"]
[WhiteElo "1988"]
[BlackElo "1890"]
[PlyCount "91"]

1. e4 e5 2. Nf3 Nc6 3. Bb5 a6 4. Bxc6 dxc6 5. d4 exd4 6. Qxd4 Qxd4 7. Nxd4 Bc5
8. Be3 Nf6 9. f3 Bd7 10. Nd2 O-O-O 11. c3 h6 12. O-O-O Rhe8 13. Rhe1 Bd6 14. g3
c5 15. N4b3 b6 16. Nc4 Be6 17. Nxd6+ cxd6 18. Bf2 Kc7 19. e5 dxe5 20. Rxd8 Rxd8
21. Rxe5 Rd3 22. Re3 Rd7 23. Nd2 Kc6 24. c4 Ne8 25. Kc2 Nd6 26. b3 Bf5+ 27. Kc3
h5 28. a3 f6 29. b4 Nf7 30. bxc5 bxc5 31. Nb3 Ne5 32. Nxc5 Rd1 33. Nb3 Bg6 34.
f4 Nd3 35. Re6+ Kd7 36. Re2 Bf5 37. Bc5 Rb1 38. Rd2 Ke8 39. Bd6 Kd7 40. Bf8 Ke8
41. Bd6 Kd7 42. c5 Be4 43. Na5 Ra1 44. Kd4 f5 45. Nc4 Ne1 46. Ne5+ 1/2-1/2

[Event "Jm KP I 24-25 Kurim B - Lipovec"]
[Site "Kurim"]
[Date "2024.12.08"]
[Round "23.5"]
[White "Rubes, Pavel"]
[Black "Flasar, Roman"]
[Result "1/2-1/2"]
[WhiteElo "1948"]
[BlackElo "1908"]
[PlyCount "41"]

1. d4 Nf6 2. c4 c5 3. d5 d6 4. Nc3 e5 5. e4 Be7 6. Bd3 Na6 7. a3 Nc7 8. Nge2 a6
9. O-O Bd7 10. a4 b6 11. h3 h6 12. Ng3 O-O 13. f4 Nce8 14. Qe2 Nh7 15. Nf5 Bf6
16. Qg4 Bxf5 17. exf5 exf4 18. Bxf4 Bd4+ 19. Kh1 Nef6 20. Qf3 Re8 21. Rfe1
1/2-1/2

[Event "Jm KP I 24-25 Kurim B - Lipovec"]
[Site "Kurim"]
[Date "2024.12.08"]
[Round "23.6"]
[White "Flasar, Jan"]
[Black "Pesl, Jan"]
[Result "0-1"]
[WhiteElo "1690"]
[BlackElo "1872"]
[PlyCount "72"]

1. d4 Nf6 2. c4 g6 3. Nc3 Bg7 4. e4 d6 5. Nf3 O-O 6. Be2 Na6 7. O-O e5 8. Be3
Ng4 9. Bg5 Qe8 10. Re1 f5 11. dxe5 dxe5 12. h3 Nf6 13. exf5 gxf5 14. Nd5 Nxd5
15. Qxd5+ Kh8 16. Bf1 Nb4 17. Qd2 Nc6 18. Rad1 Qg6 19. Nh4 Qh5 20. Be2 Qf7 21.
Bh6 Be6 22. Bxg7+ Qxg7 23. Qc3 Rad8 24. Rxd8 Rxd8 25. Kh2 Nd4 26. Nf3 c5 27.
Bf1 e4 28. Nh4 Qe5+ 29. Kh1 Qf4 30. Qg3 Qxg3 31. fxg3 Nc2 32. Rc1 Rd2 33. b3
Kg7 34. g4 fxg4 35. hxg4 Bxg4 36. g3 e3 0-1

[Event "Jm KP I 24-25 Kurim B - Lipovec"]
[Site "Kurim"]
[Date "2024.12.08"]
[Round "23.7"]
[White "Cihal, Jan"]
[Black "Sevcik, Milan"]
[Result "1/2-1/2"]
[WhiteElo "1857"]
[BlackElo "1806"]
[PlyCount "86"]

1. Nf3 Nf6 2. g3 g6 3. Bg2 Bg7 4. O-O O-O 5. d3 d6 6. e4 e5 7. c3 Bg4 8. Nbd2
Qd7 9. Nc4 Bh3 10. a4 Bxg2 11. Kxg2 a5 12. Qe2 Nc6 13. h3 h6 14. Kh2 Nh7 15.
Nh4 Ne7 16. Ne3 f5 17. f4 fxe4 18. dxe4 exf4 19. gxf4 g5 20. Nhf5 gxf4 21. Qg4
Nxf5 22. Nxf5 Kh8 23. Bxf4 Be5 24. Bxe5+ dxe5 25. Rad1 Qf7 26. Ne3 h5 27. Rxf7
hxg4 28. Rxf8+ Rxf8 29. Nxg4 Ng5 30. Rd5 b6 31. Kg2 Nxe4 32. Rd7 Nc5 33. Rxc7
Nxa4 34. b4 axb4 35. cxb4 Rf4 36. Kg3 Kg8 37. Nxe5 Rxb4 38. h4 Nc5 39. h5 Ne6
40. Rc6 Nf8 41. Rc8 Kg7 42. h6+ Kxh6 43. Rxf8 Rb1 1/2-1/2

[Event "Jm KP I 24-25 Kurim B - Lipovec"]
[Site "Kurim"]
[Date "2024.12.08"]
[Round "23.8"]
[White "Hlousek, Zdenek"]
[Black "Bauer, Miroslav"]
[Result "0-1"]
[WhiteElo "1915"]
[BlackElo "1813"]
[PlyCount "112"]

1. d4 d5 2. Bf4 Nf6 3. Nf3 e6 4. e3 Nbd7 5. Bd3 c6 6. c3 Be7 7. Nbd2 O-O 8. Ne5
c5 9. h4 cxd4 10. exd4 Nxe5 11. dxe5 Nd7 12. Nf3 f6 13. Bxh7+ Kxh7 14. Ng5+
fxg5 15. hxg5+ Kg8 16. Qh5 Rf5 17. g4 Rxe5+ 18. Bxe5 Nxe5 19. g6 Nf3+ 20. Ke2
Bh4 21. Qh7+ Kf8 22. Qh8+ Ke7 23. Qxg7+ Kd6 24. Kxf3 Bd7 25. Qf7 Qf6+ 26. Qxf6
Bxf6 27. Rh7 Rg8 28. g5 Bxg5 29. g7 Bf6 30. Rg1 Ba4 31. b3 Bb5 32. c4 dxc4 33.
Rd1+ Ke7 34. bxc4 Bxc4 35. Rb1 b5 36. Rc1 Rxg7 37. Rh5 Rf7 38. Ke3 Kd6 39. Rd1+
Kc6 40. Rc1 Be7 41. f4 Bd6 42. Rh4 Bc5+ 43. Ke4 Bxa2 44. Rh8 Bd5+ 45. Kd3 Bc4+
46. Ke4 a5 47. Rc8+ Rc7 48. Ra8 a4 49. Rxc4 bxc4 50. Rxa4 Kb5 51. Ra8 c3 52.
Kd3 Bd6 53. Rb8+ Kc5 54. Kxc3 Kd5+ 55. Kb3 Rc3+ 56. Kxc3 Bxb8 0-1

[Event "Jm KP I 24-25 Loko Brno B - Vyskov"]
[Site "?"]
[Date "2024.12.08"]
[Round "24.1"]
[White "Straka, Vojtech"]
[Black "Jires, Jiri"]
[Result "0-1"]
[WhiteElo "2022"]
[BlackElo "2134"]
[PlyCount "114"]

1. d4 Nf6 2. Bg5 d5 3. Bxf6 exf6 4. e3 Be6 5. Nd2 f5 6. Bd3 Nd7 7. Ngf3 c6 8.
a3 Nf6 9. c4 Ne4 10. c5 g5 11. h3 Bg7 12. Nf1 h5 13. N3d2 h4 14. b4 Qf6 15. Qc2
a6 16. Nb3 Qg6 17. Na5 Rb8 18. a4 Bd7 19. Nb3 Qe6 20. Nbd2 Bxd4 21. exd4 Ng3+
22. Ne3 f4 23. fxg3 Qxe3+ 24. Kf1 Qxd4 25. Re1+ Kf8 26. gxf4 Qxf4+ 27. Nf3 Bxh3
28. gxh3 Qxf3+ 29. Kg1 Qg3+ 30. Kf1 Qf3+ 31. Kg1 Rh6 32. Qh2 Rc8 33. Be2 Qc3
34. Rf1 Re8 35. Qf2 Rf6 36. Bf3 Re3 37. Kg2 Rexf3 38. Qxf3 Rxf3 39. Rxf3 Qc2+
40. Rf2 Qe4+ 41. Kh2 Qe5+ 42. Kg2 Qg3+ 43. Kf1 Qd3+ 44. Kg2 f5 45. Re1 Qg3+ 46.
Kf1 Qxh3+ 47. Kg1 Qg3+ 48. Kf1 f4 49. Rfe2 h3 50. Re8+ Kf7 51. R1e6 Qf3+ 52.
Ke1 Qh5 53. R8e7+ Kf8 54. Rxb7 h2 55. Rxc6 h1=Q+ 56. Kd2 Q1d1+ 57. Kc3 Qh8+ 0-1

[Event "Jm KP I 24-25 Loko Brno B - Vyskov"]
[Site "?"]
[Date "2024.12.08"]
[Round "24.2"]
[White "Cermak, Jan"]
[Black "Wunsch, Radek"]
[Result "0-1"]
[WhiteElo "2047"]
[BlackElo "1980"]
[PlyCount "66"]

1. d4 Nf6 2. c4 c5 3. d5 e5 4. Nc3 d6 5. e4 Be7 6. Bd3 Nbd7 7. Nge2 Nf8 8. h4
h5 9. a3 Ng6 10. Bg5 Ng4 11. Bxe7 Qxe7 12. Qd2 Nxh4 13. Rg1 Ng6 14. b4 b6 15.
Bc2 h4 16. Ba4+ Bd7 17. Bc6 Rc8 18. Nb5 a6 19. Na7 Rc7 20. bxc5 bxc5 21. Qa5
Rxa7 22. Qb6 Bxc6 23. Qb8+ Qd8 24. Qxa7 Qa5+ 25. Kd1 Nxf2+ 26. Kc1 Bd7 27. Ra2
h3 28. gxh3 Rxh3 29. Kc2 Qa4+ 30. Kb2 Qxc4 31. Ka1 Nxe4 32. Rb1 Nf4 33. Nxf4
Qd4+ 0-1

[Event "Jm KP I 24-25 Loko Brno B - Vyskov"]
[Site "?"]
[Date "2024.12.08"]
[Round "24.3"]
[White "Lukas, Frantisek"]
[Black "Zabloudil, Radek"]
[Result "1/2-1/2"]
[WhiteElo "1960"]
[BlackElo "1956"]
[PlyCount "94"]

1. b3 e5 2. Bb2 Nc6 3. Nf3 d6 4. e3 Nf6 5. d4 exd4 6. Nxd4 Bd7 7. Be2 Nxd4 8.
Qxd4 Bc6 9. Bf3 Bxf3 10. gxf3 Be7 11. Nc3 Rg8 12. Rg1 g6 13. O-O-O Qd7 14. e4
c5 15. Qc4 O-O-O 16. e5 Ne8 17. b4 Qe6 18. Nd5 b6 19. bxc5 dxc5 20. Nxe7+ Qxe7
21. Rxd8+ Kxd8 22. Rd1+ Kc8 23. Qa6+ Kb8 24. Qd3 Nc7 25. f4 Ne6 26. Qh3 h5 27.
Qf3 Rd8 28. Rd6 Nd4 29. Bxd4 Rxd6 30. exd6 Qe1+ 31. Qd1 Qxd1+ 32. Kxd1 cxd4 33.
Kd2 Kc8 34. Kd3 Kd7 35. Kxd4 Kxd6 36. c3 b5 37. f3 f6 38. a3 h4 39. h3 a5 40.
c4 b4 41. axb4 axb4 42. c5+ Kc6 43. Kc4 b3 44. Kxb3 Kxc5 45. Kc3 Kd5 46. Kd3 f5
47. Kc3 Kc5 1/2-1/2

[Event "Jm KP I 24-25 Loko Brno B - Vyskov"]
[Site "?"]
[Date "2024.12.08"]
[Round "24.4"]
[White "Rozumek, Vlastimil"]
[Black "Pribyl, Rene"]
[Result "0-1"]
[WhiteElo "1947"]
[BlackElo "1901"]
[PlyCount "120"]

1. d4 d5 2. Nf3 Nf6 3. Bf4 c6 4. e3 Bf5 5. Be2 e6 6. Nbd2 h6 7. Ne5 Nbd7 8. c3
Nxe5 9. Bxe5 Be7 10. O-O O-O 11. Qb3 Qb6 12. Rfc1 Qxb3 13. axb3 Nd7 14. Bg3 a5
15. Bc7 b6 16. Ra2 f6 17. Bg3 e5 18. Bf3 Rac8 19. Raa1 Bd3 20. dxe5 Nxe5 21.
Bxe5 fxe5 22. Bg4 Rcd8 23. b4 axb4 24. cxb4 Bxb4 25. Nf3 c5 26. Nxe5 Bb5 27.
Be6+ Kh7 28. Nf7 Ra8 29. Bxd5 Rxa1 30. Rxa1 Bd3 31. Ne5 Bf5 32. Nc6 Bd2 33. Ra6
b5 34. Ne7 Bd3 35. Rd6 c4 36. Nc6 Ra8 37. h3 Ra1+ 38. Kh2 Ra2 39. Ne5 Rxb2 40.
Rd8 g6 41. Rd7+ Kh8 42. Rd8+ Kg7 43. Nxd3 cxd3 44. Be4 Be1 45. Bxd3 Bxf2 46. e4
h5 47. Rd7+ Kf6 48. Rd5 b4 49. g3 Be1+ 50. Kg1 Bxg3 51. Rb5 Be5 52. Rb6+ Kg5
53. h4+ Kxh4 54. Rxg6 Bd4+ 55. Kf1 Rf2+ 56. Ke1 b3 57. e5 Rf3 58. Kd2 Bxe5 59.
Rg1 b2 60. Rh1+ Kg3 0-1

[Event "Jm KP I 24-25 Loko Brno B - Vyskov"]
[Site "?"]
[Date "2024.12.08"]
[Round "24.5"]
[White "Marsa, Alexandr"]
[Black "Hejny, Jaroslav"]
[Result "1/2-1/2"]
[WhiteElo "1985"]
[BlackElo "1980"]
[PlyCount "54"]

1. d4 d5 2. c4 e6 3. Nc3 Nf6 4. Bg5 Be7 5. e3 h6 6. Bxf6 Bxf6 7. Nf3 O-O 8. Qc2
b6 9. O-O-O Bb7 10. cxd5 exd5 11. h4 Bc8 12. Bd3 Nc6 13. Nxd5 Qxd5 14. Be4 Bf5
15. Bxd5 Bxc2 16. Bxc6 Bxd1 17. Bxa8 Bxf3 18. Bxf3 Rd8 19. g3 Kf8 20. Kc2 c5
21. dxc5 bxc5 22. Rd1 Rxd1 23. Bxd1 Ke7 24. b3 Kd6 25. Kd3 Bb2 26. Kc4 a5 27.
f4 Ba3 1/2-1/2

[Event "Jm KP I 24-25 Loko Brno B - Vyskov"]
[Site "?"]
[Date "2024.12.08"]
[Round "24.6"]
[White "Dorazilova, Kristyna"]
[Black "Vesely, Jaromir"]
[Result "1-0"]
[WhiteElo "1791"]
[BlackElo "1923"]
[PlyCount "67"]

1. e4 e6 2. d4 d5 3. Nd2 f5 4. e5 c5 5. c3 cxd4 6. cxd4 Nh6 7. Nb3 Nf7 8. f4
Nc6 9. Nf3 Be7 10. Be2 O-O 11. O-O Kh8 12. Qe1 g5 13. fxg5 Nxg5 14. Nxg5 Bxg5
15. Bxg5 Qxg5 16. Rf3 Rg8 17. Rg3 Qf4 18. Qf2 Qxf2+ 19. Kxf2 b6 20. Rc1 Bd7 21.
Rgc3 Rac8 22. Ba6 Rc7 23. Nd2 Rb8 24. a4 Kg7 25. Nb1 Rcc8 26. Bxc8 Rxc8 27. Na3
a6 28. b4 Ne7 29. Rxc8 Bxc8 30. a5 bxa5 31. bxa5 Kf8 32. Ke3 Bd7 33. Rc7 Bb5
34. Nxb5 1-0

[Event "Jm KP I 24-25 Loko Brno B - Vyskov"]
[Site "?"]
[Date "2024.12.08"]
[Round "24.7"]
[White "Vacekova, Anita"]
[Black "Pukowietz, Patrik"]
[Result "0-1"]
[WhiteElo "1824"]
[BlackElo "1785"]
[PlyCount "126"]

1. d4 d5 2. Nc3 e6 3. e4 Bb4 4. e5 c5 5. a3 cxd4 6. axb4 dxc3 7. bxc3 Qc7 8.
Qd4 Nc6 9. Bb5 Nge7 10. f4 O-O 11. Qd3 Rd8 12. Bd2 Bd7 13. Nf3 a6 14. Bxc6 Qxc6
15. O-O Rac8 16. Ra5 Qc4 17. Nd4 Qc7 18. Ra3 Nc6 19. Nb3 Na7 20. Rf3 Bb5 21.
Qe3 Nc6 22. Nd4 Nxd4 23. Qxd4 Qc4 24. Qxc4 Rxc4 25. Be3 Re4 26. Kf2 Rc8 27. Rh3
Rc7 28. Kf3 f6 29. exf6 gxf6 30. Rg3+ Rg7 31. Rxg7+ Kxg7 32. Ra1 Bc6 33. Re1 d4
34. cxd4 Rxd4+ 35. Kf2 Rxb4 36. Bd2 Rd4 37. Be3 Rc4 38. Re2 Ba4 39. Bb6 Rxf4+
40. Kg3 e5 41. c3 Rc4 42. Ba5 Rc6 43. Re4 Bc2 44. Re2 Bf5 45. Rb2 b5 46. Bb4
Be6 47. Rd2 Rc7 48. Rd8 Kg6 49. Rd6 Bc8 50. Rd8 Bb7 51. Kf2 Kf5 52. Rg8 Ke4 53.
Ke2 f5 54. g3 Rd7 55. Rb8 Bd5 56. Rf8 Bc4+ 57. Kf2 Rd2+ 58. Kg1 Bd5 59. Ba5 f4
60. gxf4 exf4 61. Re8+ Kf3 62. Re1 Rg2+ 63. Kh1 Kf2 0-1

[Event "Jm KP I 24-25 Loko Brno B - Vyskov"]
[Site "?"]
[Date "2024.12.08"]
[Round "24.8"]
[White "Mikulasek, Ondrej"]
[Black "Mikolas, Jakub"]
[Result "1/2-1/2"]
[WhiteElo "1750"]
[BlackElo "1863"]
[PlyCount "81"]

1. d4 Nf6 2. c4 e6 3. Nf3 b6 4. Nc3 Bb4 5. Qc2 Bb7 6. Bg5 h6 7. Bh4 O-O 8. e3
d6 9. Bd3 Nbd7 10. O-O Bxc3 11. Qxc3 Re8 12. Rad1 e5 13. dxe5 Bxf3 14. gxf3
Nxe5 15. Be2 Ne4 16. Qxe5 Qxh4 17. Qd4 c5 18. Qd3 Ng5 19. Qd5 Rad8 20. f4 Nh3+
21. Kg2 Nxf4+ 22. exf4 Rxe2 23. Rd3 Qxf4 24. Rf3 Qg5+ 25. Qxg5 hxg5 26. Ra3
Rxb2 27. Rxa7 Rc2 28. Rb1 Rxc4 29. Rxb6 d5 30. Rbb7 Rf4 31. Rc7 d4 32. Rxc5 d3
33. Rc1 d2 34. Rd1 Rc4 35. Kf1 Rh4 36. Kg2 Rdd4 37. Rc7 Rhg4+ 38. Kf1 Rh4 39.
Kg2 Rhg4+ 40. Kf1 Rh4 41. Kg2 1/2-1/2

[Event "Jm KP I 24-25 Vyskov-Kurim A"]
[Site "Vyskov"]
[Date "2025.01.05"]
[Round "25.1"]
[White "Jires, Jiri"]
[Black "Tajovsky, Martin"]
[Result "0-1"]
[WhiteElo "2079"]
[BlackElo "2206"]
[PlyCount "80"]
[EventDate "2025.01.05"]

1. e4 c5 2. Nf3 Nc6 3. d4 cxd4 4. Nxd4 Nf6 5. Nc3 e5 6. Ndb5 d6 7. Nd5 Nxd5 8.
exd5 Nb8 9. a4 Be7 10. Be2 O-O 11. Bd2 f5 12. a5 Nd7 13. O-O f4 14. Re1 Rf6 15.
c4 Rh6 16. b4 Bg5 17. Bf3 Be7 18. Qb3 Bf8 19. g3 g5 20. c5 dxc5 21. d6+ Kh8 22.
bxc5 Nxc5 23. Qd5 Nd7 24. Bc3 Bg7 25. a6 Rb8 26. Nxa7 g4 27. Ba5 Qe8 28. Nxc8
gxf3 29. axb7 Qh5 30. h4 Qg4 31. Ra3 fxg3 32. Rxf3 gxf2+ 33. Kxf2 Rxh4 34. Rg1
Rh2+ 35. Kf1 Qa4 36. Bc3 Rxb7 37. Qd3 Qa2 38. Ne7 Rb1+ 39. Be1 Rb3 40. Rf8+
Nxf8 0-1

[Event "Jm KP I 24-25 Vyskov-Kurim A"]
[Site "Vyskov"]
[Date "2025.01.05"]
[Round "25.2"]
[White "Jordanov, Mikhail"]
[Black "Cermak, Jan"]
[Result "1-0"]
[WhiteElo "2218"]
[BlackElo "2014"]
[PlyCount "63"]
[EventDate "2025.01.05"]

1. e4 c6 2. d4 d5 3. e5 Bf5 4. h4 h5 5. c4 e6 6. Nc3 Bb4 7. Nge2 Nd7 8. Qb3 Qb6
9. c5 Bxc3+ 10. Qxc3 Qc7 11. Bg5 b6 12. cxb6 axb6 13. Ng3 Bg6 14. Bb5 Rc8 15.
Rc1 f6 16. exf6 gxf6 17. Bd2 Ne7 18. O-O Kf7 19. Rfe1 Qd6 20. Bd3 Bxd3 21. Qxd3
Ng6 22. Ne2 Rcg8 23. Qh3 c5 24. Rc3 e5 25. dxe5 Ndxe5 26. Ng3 Ne7 27. Nf5 Nxf5
28. Qxf5 Rg7 29. Ra3 Nc6 30. Bf4 Nd4 31. Ra7+ Kg8 32. Re8+ 1-0

[Event "Jm KP I 24-25 Vyskov-Kurim A"]
[Site "Vyskov"]
[Date "2025.01.05"]
[Round "25.3"]
[White "Zabloudil, Radek"]
[Black "Majer, Jiri"]
[Result "0-1"]
[WhiteElo "1938"]
[BlackElo "2140"]
[PlyCount "76"]
[EventDate "2025.01.05"]

1. e4 d6 2. Nc3 Nf6 3. d4 g6 4. f3 c6 5. Be3 Nbd7 6. Nge2 Qa5 7. Qd2 b5 8. g4
Nb6 9. b3 Bg7 10. Bh6 Bxh6 11. Qxh6 b4 12. Nd1 Ba6 13. Qd2 c5 14. c3 bxc3 15.
Nexc3 Bxf1 16. Kxf1 cxd4 17. Qxd4 O-O 18. Kg2 Rac8 19. a3 Rc7 20. b4 Qa6 21.
Ne3 Rfc8 22. Rhc1 e5 23. Qd2 Nc4 24. Nxc4 Rxc4 25. Nd5 Nxd5 26. exd5 Rd4 27.
Qe3 Rxd5 28. Rxc8+ Qxc8 29. Rc1 Qd7 30. h4 Rd4 31. Qg5 Kg7 32. Rc3 h6 33. Qc1
Qe6 34. Qc2 e4 35. g5 hxg5 36. Qf2 exf3+ 37. Rxf3 Rg4+ 38. Kf1 Qc4+ 0-1

[Event "Jm KP I 24-25 Vyskov-Kurim A"]
[Site "Vyskov"]
[Date "2025.01.05"]
[Round "25.4"]
[White "Parak, Dominik"]
[Black "Rozumek, Vlastimil"]
[Result "1-0"]
[WhiteElo "2010"]
[BlackElo "1931"]
[PlyCount "92"]
[EventDate "2025.01.05"]

1. e4 c6 2. d4 d5 3. e5 c5 4. c4 cxd4 5. Qxd4 Nc6 6. Qxd5 Qxd5 7. cxd5 Nxe5 8.
f4 Nd7 9. Nc3 a6 10. a4 Nh6 11. Nf3 g6 12. Bc4 Bg7 13. O-O Nf5 14. Re1 Nd6 15.
Bb3 Nc5 16. Bc2 Bf5 17. Be3 Rc8 18. Bxc5 Rxc5 19. Bxf5 Bxc3 20. bxc3 gxf5 21.
Rab1 Rxc3 22. Rb6 Kd7 23. Ne5+ Kc7 24. a5 Re8 25. Rb4 f6 26. Nf3 Kd7 27. Nd4
Rec8 28. h3 Rc1 29. Rxc1 Rxc1+ 30. Kf2 Rc5 31. g4 Rxd5 32. g5 Rxa5 33. h4 Ra2+
34. Kf3 b5 35. h5 Ra3+ 36. Kg2 fxg5 37. fxg5 Ne4 38. Nf3 Ra2+ 39. Kg1 Ra4 40.
g6 hxg6 41. h6 Nf6 42. Rb1 Ke8 43. Rd1 Rg4+ 44. Kf1 Rg3 45. Kf2 Ne4+ 46. Ke3
Rh3 1-0

[Event "Jm KP I 24-25 Vyskov-Kurim A"]
[Site "Vyskov"]
[Date "2025.01.05"]
[Round "25.5"]
[White "Hejny, Jaroslav"]
[Black "Pavlik, Vladimir"]
[Result "1-0"]
[WhiteElo "1992"]
[BlackElo "1951"]
[PlyCount "125"]
[EventDate "2025.01.05"]

1. e4 c5 2. c3 Nf6 3. e5 Nd5 4. d4 cxd4 5. Nf3 e6 6. cxd4 Nc6 7. Bc4 Nb6 8. Bb3
d6 9. O-O Be7 10. Qe2 d5 11. Nc3 a6 12. Be3 Na5 13. Bc2 Nbc4 14. Bd3 Bd7 15.
Rac1 b5 16. b3 Nb6 17. Nd2 Rc8 18. f4 g6 19. g4 Bb4 20. Ndb1 h5 21. f5 gxf5 22.
gxf5 Rg8+ 23. Kh1 Qh4 24. Rg1 Rg4 25. f6 Bxc3 26. Nxc3 b4 27. Nb1 Rxc1 28. Rxc1
Nc6 29. Nd2 Nxd4 30. Bxd4 Rxd4 31. Nf3 Qf4 32. Rg1 Kd8 33. Nxd4 Qxd4 34. Rg8+
Kc7 35. Rf8 Bc6 36. Rxf7+ Nd7 37. Rg7 Qf4 38. Kg1 d4 39. Qf2 Qxe5 40. Qg3 Qxg3+
41. hxg3 Kd6 42. f7 Ke7 43. Bg6 Nf8 44. Bxh5 e5 45. Kf2 e4 46. Rg4 Ne6 47. Bg6
Nc5 48. Rg5 e3+ 49. Ke1 Nd7 50. Bf5 Ne5 51. Be4 Nxf7 52. Rg4 Ne5 53. Rg5 Kf6
54. Rxe5 Kxe5 55. Bxc6 d3 56. Bb7 a5 57. Ba6 Ke4 58. Bxd3+ Kxd3 59. g4 Ke4 60.
Ke2 Kf4 61. g5 Kxg5 62. Kxe3 Kf5 63. Kd4 1-0

[Event "Jm KP I 24-25 Vyskov-Kurim A"]
[Site "Vyskov"]
[Date "2025.01.05"]
[Round "25.6"]
[White "Setina, Vaclav"]
[Black "Pekarkova, Eva"]
[Result "1-0"]
[WhiteElo "2059"]
[BlackElo "1882"]
[PlyCount "51"]
[EventDate "2025.01.05"]

1. e4 c5 2. c3 d5 3. exd5 Qxd5 4. d4 Nc6 5. Nf3 Bf5 6. Be3 e6 7. Be2 Nf6 8. O-O
Rd8 9. Qa4 Be7 10. Rd1 O-O 11. dxc5 Qe4 12. b4 Rxd1+ 13. Qxd1 Nd5 14. Bd4 Nf4
15. Bf1 Nxd4 16. cxd4 Rd8 17. Nc3 Qc2 18. Qxc2 Bxc2 19. g3 Nd5 20. Rc1 Bg6 21.
Nxd5 Rxd5 22. b5 Be4 23. Nd2 Rxd4 24. Nxe4 Rxe4 25. c6 bxc6 26. bxc6 1-0

[Event "Jm KP I 24-25 Vyskov-Kurim A"]
[Site "Vyskov"]
[Date "2025.01.05"]
[Round "25.7"]
[White "Sysel, Michal"]
[Black "Horak, Bronislav"]
[Result "1/2-1/2"]
[WhiteElo "1817"]
[BlackElo "1883"]
[PlyCount "20"]
[EventDate "2025.01.05"]

1. e4 Nf6 2. Nc3 d5 3. e5 d4 4. exf6 dxc3 5. fxg7 cxd2+ 6. Qxd2 Qxd2+ 7. Bxd2
Bxg7 8. O-O-O Be6 9. a3 Nd7 10. Ne2 O-O-O 1/2-1/2

[Event "Jm KP I 24-25 Vyskov-Kurim A"]
[Site "Vyskov"]
[Date "2025.01.05"]
[Round "25.8"]
[White "Krupica, Pavel"]
[Black "Pukowietz, Patrik"]
[Result "1/2-1/2"]
[WhiteElo "1875"]
[BlackElo "1658"]
[PlyCount "57"]
[EventDate "2025.01.05"]

1. e4 c6 2. d4 d5 3. exd5 cxd5 4. c4 Nc6 5. Nc3 Nf6 6. Bg5 Ne4 7. Nxe4 dxe4 8.
d5 Ne5 9. Qd4 f6 10. Bf4 e6 11. Bxe5 Bb4+ 12. Kd1 fxe5 13. Qxe5 O-O 14. f3 exd5
15. Qxd5+ Be6 16. Qxd8 Rfxd8+ 17. Kc2 Rac8 18. Kb3 Be7 19. fxe4 b5 20. Nf3
Bxc4+ 21. Bxc4+ Rxc4 22. Rad1 Rb4+ 23. Kc2 Rc8+ 24. Kb1 Rxe4 25. Rhe1 Rxe1 26.
Rxe1 Bf6 27. Re2 Kf7 28. Ne5+ Bxe5 29. Rxe5 1/2-1/2

[Event "Jm KP I 24-25 Lipovec-Loko Brno B"]
[Site "?"]
[Date "2025.01.05"]
[Round "26.1"]
[White "Fojtik, Tomas"]
[Black "Straka, Vojtech"]
[Result "1/2-1/2"]
[WhiteElo "2047"]
[BlackElo "2014"]
[PlyCount "86"]
[EventDate "2024.??.??"]

1. c4 c6 2. e4 d5 3. cxd5 cxd5 4. exd5 Nf6 5. Nc3 Nxd5 6. d4 e6 7. Nf3 Nc6 8.
Bd3 Bb4 9. Bd2 Ba5 10. a3 a6 11. O-O h6 12. Qe2 Nf6 13. Be3 O-O 14. Rad1 b5 15.
Bb1 b4 16. Ne4 Nxe4 17. Bxe4 Bb7 18. d5 exd5 19. Rxd5 Qc7 20. Rc1 Rfe8 21. Qc4
Qe7 22. Bb1 Rad8 23. Qc2 g6 24. Ba2 Kh7 25. Qa4 Qe4 26. Rxa5 Nxa5 27. Qxa5 Qc2
28. Rf1 Rxe3 29. Qxd8 Bxf3 30. gxf3 Rxf3 31. Qd1 Qf5 32. axb4 Qg4+ 33. Kh1 Qh3
34. Qe2 Rf4 35. Bd5 Rh4 36. f3 Rxb4 37. b3 Qf5 38. Bc4 a5 39. Qe7 Kg7 40. Kg2
Rb6 41. Re1 Rf6 42. Qe3 h5 43. Qe5 Qxf3+ 1/2-1/2

[Event "Jm KP I 24-25 Lipovec-Loko Brno B"]
[Site "?"]
[Date "2025.01.05"]
[Round "26.2"]
[White "Wunsch, Radek"]
[Black "Pernicova, Tana"]
[Result "1-0"]
[WhiteElo "2002"]
[BlackElo "2020"]
[PlyCount "105"]
[EventDate "2024.??.??"]

1. e4 c5 2. Nc3 e6 3. Nge2 Nc6 4. g3 g6 5. Bg2 Bg7 6. d3 d6 7. O-O a6 8. a4
Nge7 9. f4 O-O 10. Be3 Nd4 11. Qd2 Rb8 12. Bf2 Bd7 13. Nxd4 cxd4 14. Ne2 e5 15.
c3 exf4 16. Qxf4 dxc3 17. bxc3 Bc6 18. Bd4 f5 19. Bxg7 Kxg7 20. Nd4 Qd7 21. Bh3
Rf6 22. exf5 Nd5 23. Qd2 Re8 24. c4 Nc7 25. Ne6+ Nxe6 26. fxe6 Qe7 27. Qc3 Ref8
28. a5 Kg8 29. d4 d5 30. c5 Bb5 31. Rxf6 Qxf6 32. Qe3 Re8 33. Re1 Re7 34. Qe5
Qxe5 35. Rxe5 Bc4 36. Kf2 Kg7 37. Ke3 Kf6 38. Kf4 h6 39. Ke3 Re8 40. Kd2 Ke7
41. Bg2 Rd8 42. h4 Kf6 43. e7 Re8 44. Bxd5 Bxd5 45. Rxd5 Rxe7 46. Rd6+ Kf5 47.
Kd3 Re1 48. Rb6 Ra1 49. Rxb7 Rxa5 50. c6 Ra1 51. Re7 Rd1+ 52. Kc4 Kf6 53. Re3
1-0

[Event "Jm KP I 24-25 Lipovec-Loko Brno B"]
[Site "?"]
[Date "2025.01.05"]
[Round "26.3"]
[White "Krejci, Petr"]
[Black "Pribyl, Rene"]
[Result "1/2-1/2"]
[WhiteElo "1917"]
[BlackElo "1912"]
[PlyCount "23"]
[EventDate "2024.??.??"]

1. e4 e5 2. Nf3 Nf6 3. Nxe5 d6 4. Nf3 Nxe4 5. d4 d5 6. Be2 Bd6 7. O-O O-O 8.
Nc3 Nxc3 9. bxc3 Bg4 10. h3 Bh5 11. Re1 Nd7 12. Bg5 1/2-1/2

[Event "Jm KP I 24-25 Lipovec-Loko Brno B"]
[Site "?"]
[Date "2025.01.05"]
[Round "26.4"]
[White "Marsa, Alexandr"]
[Black "Sekanina, Jiri"]
[Result "1-0"]
[WhiteElo "1975"]
[BlackElo "1976"]
[PlyCount "86"]
[EventDate "2024.??.??"]

1. d4 Nf6 2. c4 g6 3. Nc3 d5 4. Bf4 Bg7 5. e3 O-O 6. Qb3 dxc4 7. Bxc4 Nc6 8.
Be2 a5 9. Nf3 Nb4 10. O-O Be6 11. Qd1 Nbd5 12. Be5 h6 13. Na4 Nd7 14. Bg3 c6
15. Rc1 N5b6 16. Nc3 f5 17. h4 Qe8 18. Qd2 Qf7 19. Ra1 a4 20. Rfd1 Nc4 21. Qc2
b5 22. Rac1 Rfc8 23. Bd3 Nd6 24. Ne5 Nxe5 25. dxe5 Nc4 26. Bxc4 Bxc4 27. Rd7
Be6 28. Rd2 g5 29. hxg5 hxg5 30. a3 Qe8 31. Qd1 Rd8 32. Ne2 Bb3 33. Qe1 Bc4 34.
Nd4 e6 35. Rcd1 Rac8 36. f4 c5 37. Ne2 g4 38. Bh4 Rd5 39. Rxd5 exd5 40. Ng3 Qg6
41. Qa5 Qe6 42. Qa7 Bf8 43. Nh5 Bb3 1-0

[Event "Jm KP I 24-25 Lipovec-Loko Brno B"]
[Site "?"]
[Date "2025.01.05"]
[Round "26.5"]
[White "Mraz, Pavel"]
[Black "Vesely, Jaromir"]
[Result "0-1"]
[WhiteElo "1935"]
[BlackElo "1909"]
[PlyCount "72"]
[EventDate "2024.??.??"]

1. e4 e6 2. d3 d5 3. Nc3 f5 4. Bf4 Nf6 5. Nf3 Bb4 6. exd5 exd5 7. Qe2+ Qe7 8.
Qxe7+ Bxe7 9. Bxc7 O-O 10. O-O-O Nc6 11. d4 Bd7 12. Be5 Ng4 13. Nxd5 Nxf2 14.
Bc4 Kh8 15. Nxe7 Nxe7 16. Bd6 Nxh1 17. Rxh1 Rfc8 18. Ne5 Rxc4 19. Nxc4 Nd5 20.
Kd2 b5 21. Ne5 Be8 22. Rf1 g6 23. g4 Rd8 24. Bc5 f4 25. g5 a6 26. b3 b4 27. Nd3
Bb5 28. Rf3 Bxd3 29. Kxd3 Kg7 30. Kc4 a5 31. Kb5 Kf7 32. a4 Ke6 33. Kxa5 Rb8
34. Ka6 Kf5 35. Ka7 Re8 36. Kb7 Kg4 0-1